|
|
|
|
| LEADER |
00000cam a2200000 7i4500 |
| 001 |
0000008991 |
| 005 |
20021119093000.0 |
| 008 |
021119n |
| 020 |
|
|
|a 0669853240
|
| 090 |
0 |
0 |
|a HG4661
|b .A24
|
| 100 |
0 |
|
|a Aber, John W. ,
|e author
|
| 245 |
0 |
0 |
|a Beta coefficients and models of security return
|c John W. Aber
|
| 260 |
2 |
|
|a Lexington, Mass. :
|b D. C. Heath ,
|c c1973
|
| 300 |
|
|
|a 90 p. ; ;
|c 24 cm.
|
| 504 |
|
|
|a Bibliography: p. 90
|
| 650 |
|
0 |
|a Investments
|x Mathematical models
|
| 650 |
|
0 |
|a Stock price forecasting
|
| 650 |
|
0 |
|a Stocks
|x Tables, etc.
|
| 999 |
|
|
|a 1000019664
|b Book
|c OPEN SHELF (30 DAYS)
|e Gong Badak Campus
|